Statistics for Biggest Cities in Mississippi

Click here to take the quiz!

General Stats

  • This quiz has been taken 3,247 times
    (2,646 since last reset)
  • The average score is 9 of 20

Answer Stats

PopulationCountyCity% Correct
149,761HindsJackson
99%
49,241HarrisonBiloxi
77%
72,105HarrisonGulfport
72%
47,068ForrestHattiesburg
64%
37,667LeeTupelo
62%
26,430LafayetteOxford
55%
20,904WarrenVicksburg
54%
34,424LauderdaleMeridian
49%
55,429DeSotoSouthaven
45%
24,657OktibbehaStarkville
44%
27,719MadisonMadison
39%
21,849JacksonPascagoula
38%
28,777WashingtonGreenville
36%
40,276DeSotoOlive Branch
33%
23,319LowndesColumbus
32%
27,258RankinPearl
32%
25,373RankinBrandon
31%
24,058MadisonRidgeland
27%
27,451HindsClinton
25%
26,737DeSotoHorn Lake
23%

Score Distribution

Percentile by Number Answered

Percent of People with Each Score

Your Score History

You have not taken this quiz since the last reset